000 00744nam a2200229 a 4500
001 85361
003 BD-RjUL
005 20250729151418.0
008 250729s2025 bg ||||| |||| 00| 0 ben d
020 _a9789849968009
035 _a(BD-RjUL)85361
040 _aBD-RjUL
_beng
_cBD-RjUL
041 _aben
082 _223
_a891.441
_bMOA 2025
100 _aমনি, মনিরুল ইসলাম
_916331
245 _aঅরণ্য সংলাপ /
_cমনিরুল ইসলাম মনি
260 _aঢাকা :
_bমানুষ প্রকাশনী,
_c২০২৫
300 _a৬৪ পৃ.;
_c২২ সেমি.
650 _aবাংলা কবিতা
650 _aBengali poetry
942 _2ddc
_cBK
999 _c85361
_d85361